[Event "45th Olympiad 2024"]
[Site "Budapest HUN"]
[Date "2024.09.16"]
[Round "6.82"]
[Board "2"]
[White "Mahendra Gurung"]
[Black "Croes, Octavio"]
[Result "0-1"]
[WhiteElo "1725"]
[BlackElo "1850"]
[PlyCount "184"]
[EventDate "2024.09.11"]
[WhiteTeam "Bhutan"]
[BlackTeam "Aruba"]
[WhiteTeamCountry "BTN"]
[BlackTeamCountry "ARN"]

1. e4 c6 2. Nf3 d5 3. exd5 cxd5 4. d4 Nc6 5. c3 Bg4 6. h3 Bh5 7. Bf4 e6 8. Nbd2 Bd6 9. Bxd6 Qxd6 10. Bb5 $146 ({RR} 10. Be2 Nf6 11. O-O O-O 12. Re1 a6 13. b4 Rac8 14. Qb3 b5 15. a4 e5 16. dxe5 Nxe5 17. Nxe5 Qxe5 18. Bg4 Qxc3 19. Bxc8 Qxd2 20. Bxa6 Ne4 21. Qe3 Qxb4 22. Reb1 Qc4 23. Bxb5 Qc7 24. Rc1 Qa5 {1-0 Yang,N (1686)-Crete,M (1870) Canadian Open 2024 (5.57)}) ({RR} 10. Qc2 Nge7 11. g4 Bg6 12. Bd3 Rc8 13. O-O-O b5 14. Bxg6 Nxg6 15. Rhe1 Nf4 16. Ne5 Nxd4 17. cxd4 Rxc2+ 18. Kxc2 Nxh3 19. Re3 Nf4 20. Rf3 g5 21. Rc3 O-O 22. Kb1 f5 23. Nd3 Nxd3 24. Rxd3 Qf4 {0-1 Nagy,T (1895)-Krizsany,L (2264) HUN-chT2 Toth 0708 2007 (3)}) ({RR} 10. Bd3 Nge7 11. O-O Bg6 12. Nb3 O-O 13. Re1 Bxd3 14. Qxd3 Ng6 15. Re3 Rab8 16. a4 Nf4 17. Qd2 Ng6 18. h4 Qf4 19. g3 Qg4 20. Nc5 Rfd8 21. Kh2 e5 22. dxe5 d4 23. cxd4 Nxd4 24. Nxd4 Nf4 {1-0 Santos Ruiz,M (2587)-Unuk,L (2296) PRO League Prelim 2023 (1.2)}) 10... Nf6 11. Qa4 O-O 12. O-O a6 13. Bxc6 bxc6 14. Ne5 c5 15. Rfe1 cxd4 16. Qxd4 Rab8 17. b3 Rfc8 18. Re3 a5 19. Rg3 Qc5 20. Qa4 Rc7 21. Re1 Bg6 22. Ree3 Rd8 23. Qh4 d4 24. Ne4 Qxe5 25. Rg5 Bf5 26. f4 Nxe4 27. fxe5 dxe3 28. Rxf5 Rd1+ 29. Rf1 e2 30. Re1 Rcd7 31. Kh2 g5 32. Qxe4 Rxe1 33. Kg3 h6 34. Qe3 Rdd1 35. c4 Ra1 36. Qd2 Kg7 37. c5 Rec1 38. Qxe2 Rxc5 39. Kg4 Rd5 40. g3 Rc1 41. h4 Rcc5 42. hxg5 hxg5 43. Qb2 Rxe5 44. a3 Kg6 45. b4 axb4 46. axb4 Rc4+ 47. Kh3 g4+ 48. Kg2 Rb5 49. Qh8 Rbxb4 50. Qg8+ Kf6 51. Qd8+ Ke5 52. Qg5+ f5 53. Qe3+ Kd5 54. Qd2+ Kc5 55. Kf2 Kb5 56. Qd7+ Rc6 57. Ke2 Rbc4 58. Qb7+ Rb6 59. Qd7+ Kb4 60. Kd2 Rbc6 61. Qb7+ Ka3 62. Qa7+ Ra4 63. Qd7 Rb6 64. Qe7+ Ka2 65. Qc5 Rb2+ 66. Kc1 Rab4 67. Qa7+ Kb3 68. Qe3+ Ka4 69. Qxe6 Rb1+ 70. Kc2 R4b2+ 71. Kc3 Rb3+ 72. Kc4 Rc1+ 73. Kd4 Rb4+ 74. Kd3 Rb3+ 75. Kd2 Rc5 76. Qa6+ Kb4 77. Qb6+ Kc4 78. Qe6+ Rd5+ 79. Kc2 Rxg3 80. Qe2+ Rgd3 81. Kc1 g3 82. Qa2+ Kd4 83. Qa7+ Ke4 84. Qe7+ Kf3 85. Qg5 Rd1+ 86. Kc2 f4 87. Qg7 g2 88. Qc3+ R5d3 89. Qc6+ Kf2 90. Qc5+ Rd4 91. Qg5 g1=Q 92. Qh4+ Qg3 0-1

[Event "45th Olympiad 2024"]
[Site "Budapest HUN"]
[Date "2024.09.16"]
[Round "6.82"]
[Board "3"]
[White "Pesqueira, Jose"]
[Black "Suk Raj Monger"]
[Result "1-0"]
[WhiteElo "1880"]
[BlackElo "1821"]
[PlyCount "71"]
[EventDate "2024.09.11"]
[WhiteTeam "Aruba"]
[BlackTeam "Bhutan"]
[WhiteTeamCountry "ARN"]
[BlackTeamCountry "BTN"]

1. Nf3 d5 2. d4 Bf5 3. e3 e6 4. c4 Bb4+ 5. Nc3 Nf6 6. a3 Bxc3+ 7. bxc3 Ne4 8. Qb3 b6 9. cxd5 exd5 10. c4 Be6 $146 ({RR} 10... c6 11. cxd5 Qxd5 12. Qxd5 cxd5 13. Bb5+ Bd7 14. Bd3 Nc6 15. Bb2 f5 16. Rc1 O-O 17. Ke2 a6 18. Rc2 b5 19. Rhc1 Rac8 20. Nd2 Na5 21. Bxe4 fxe4 22. Rxc8 Rxc8 23. Rxc8+ Bxc8 24. f3 exf3+ 25. gxf3 {½-½ De Varona Frolov,S-Santos Falcon,J Las Palmas Insular-chT Pref-B 2015 (4.4)}) 11. Bb2 O-O 12. Rc1 c6 13. Be2 Qe7 14. O-O g5 15. a4 g4 16. Ne5 Nd2 17. Qa3 Qxa3 18. Bxa3 Nxf1 19. Bxf8 Nxe3 20. fxe3 Kxf8 21. cxd5 Bxd5 22. Bxg4 f6 23. Nd3 a5 24. Bf5 Ra7 25. Rb1 b5 26. axb5 a4 27. b6 Ra5 28. Nc5 a3 29. Ra1 a2 30. Bd3 Ke7 31. e4 Bf7 32. Kf2 Nd7 33. b7 Nxc5 34. dxc5 Ra3 35. b8=Q Rxd3 36. Rxa2 1-0

[Event "45th Olympiad 2024"]
[Site "Budapest HUN"]
[Date "2024.09.16"]
[Round "6.82"]
[Board "4"]
[White "Lhundrup M Dorji"]
[Black "Antonio, Kyell-Jean"]
[Result "0-1"]
[WhiteElo "1715"]
[BlackElo "1763"]
[PlyCount "61"]
[EventDate "2024.09.11"]
[WhiteTeam "Bhutan"]
[BlackTeam "Aruba"]
[WhiteTeamCountry "BTN"]
[BlackTeamCountry "ARN"]

1. e4 e5 2. Nf3 Nc6 3. Bc4 Bc5 4. c3 Nf6 5. d3 d6 6. h3 O-O 7. O-O a6 8. Bb3 h6 9. Re1 ({RR} 9. Nbd2 Re8 10. Re1 Be6 11. Bc2 Ba7 12. Nf1 d5 13. exd5 Bxd5 14. Ng3 Qd6 15. b4 Rad8 16. Qe2 b5 17. Be3 Bxe3 18. Qxe3 Be6 19. Ne4 Nxe4 20. dxe4 Qe7 21. a4 Rd6 22. Bd3 Red8 23. Be2 Bc4 {1-0 Carlsen,M (2859)-Salem,A (2677) MrDodgy Inv 3 Finals 2022 (1.1)}) 9... Ba7 10. a4 ({RR} 10. d4 exd4 11. cxd4 Re8 12. Nc3 Bb6 13. Bf4 Ba5 14. e5 dxe5 15. Nxe5 Nxe5 16. dxe5 Bxc3 17. bxc3 Qxd1 18. Raxd1 Nh5 19. Bh2 g5 20. e6 Bxe6 21. Bxc7 Rac8 22. Be5 Bxb3 23. axb3 f6 24. Bd4 Rxe1+ {0-1 Gorli Nyna (1876)-Yashvi Jain (1729) Swiss Queens Wed #22 2024 (3.194)}) 10... Ne7 $146 ({RR} 10... Nh5 11. Nbd2 Nf4 12. Nf1 Qf6 13. Bxf4 Qxf4 14. Ne3 Bxe3 15. fxe3 Qg3 16. Kh1 Kh8 17. Rf1 Ne7 18. Qe1 Qxe1 19. Raxe1 Ng6 20. Rf2 f5 21. Ref1 f4 22. exf4 Nxf4 23. Nh4 Kh7 24. g4 g5 25. Ng2 {1-0 Ridder,D (1582)-Gressmann,M (1846) GER-chT U14 Magdeburg 2012 (1.1)}) 11. Nh4 Be6 12. Bc2 c6 13. Qf3 Ng6 14. Nf5 Bxf5 15. exf5 Nh4 16. Qg3 Nxf5 17. Qf3 Nh4 18. Qg3 Ng6 19. d4 exd4 20. Bxg6 fxg6 21. Qxg6 Nh7 22. Bxh6 Qf6 23. Re6 Qxf2+ 24. Kh1 Qf1+ 25. Kh2 Qf7 26. Nd2 Kh8 27. Qxf7 Rxf7 28. Bxg7+ Kxg7 29. Rxd6 Bb8 30. Ne4 Rd7 31. cxd4 0-1

[Event "45th Olympiad 2024"]
[Site "Budapest HUN"]
[Date "2024.09.16"]
[Round "6.83"]
[Board "1"]
[White "Misambo .J. KIlasa"]
[Black "D'Amico, Nicola"]
[Result "1-0"]
[WhiteElo "1959"]
[BlackElo "1801"]
[PlyCount "69"]
[EventDate "2024.09.11"]
[WhiteTeam "Tanzania"]
[BlackTeam "San Marino"]
[WhiteTeamCountry "TAN"]
[BlackTeamCountry "SMR"]

1. c4 e5 2. Nc3 Nf6 3. Nf3 Nc6 4. d3 Bb4 5. Bg5 h6 6. Bh4 ({RR} 6. Bxf6 Bxc3+ 7. bxc3 Qxf6 8. Nd2 O-O 9. g3 b6 10. Bg2 Bb7 11. O-O Nd8 12. Bd5 Qd6 13. Qb3 Nc6 14. a4 Na5 15. Qa2 Bxd5 16. cxd5 f5 17. Rab1 Rae8 18. e4 Kh7 19. Kg2 Re7 20. f4 fxe4 {0-1 Gutman,L (2535)-Huebner,R (2600) Lugano op 1989 (6)}) ({RR} 6. Bxf6 Bxc3+ 7. bxc3 Qxf6 8. Nd2 d6 9. g3 O-O 10. Bg2 Ne7 11. O-O c6 12. Qb3 Ng6 13. a4 Qd8 14. a5 a6 15. Qb6 Qxb6 16. axb6 Bg4 17. Rfe1 a5 18. Ne4 Rfd8 19. c5 dxc5 20. Nxc5 Bc8 {1-0 Cox,J (2256)-Scott,G (2196) 4NCL Div 2 2023-24 (7.34)}) 6... d6 7. a3 Bxc3+ 8. bxc3 Ne7 $146 ({RR} 8... g5 9. Bg3 Nh5 10. e4 Nxg3 11. hxg3 Qf6 12. Rb1 b6 13. Be2 Kf8 14. Nh2 Kg7 15. Nf1 Ne7 16. Ne3 c6 17. Bg4 Bxg4 18. Qxg4 Rad8 19. Qf3 Qxf3 20. gxf3 f6 21. Ke2 d5 22. exd5 cxd5 23. c5 {0-1 Peitl,T (2214)-Schwarz,D (2286) SVK-chT2A 1112 2011 (3.1)}) 9. Bxf6 gxf6 10. g3 Be6 11. Bg2 Qd7 12. Rb1 Rb8 13. Nd2 b6 14. Ne4 Ng8 15. O-O Ke7 16. f4 Bh3 17. fxe5 fxe5 18. Qb3 Bxg2 19. Kxg2 f5 20. c5 d5 21. Nd2 Nf6 22. Qb4 a5 23. Qh4 bxc5 24. Rxb8 Rxb8 25. Qxh6 Rg8 26. Kg1 d4 27. c4 a4 28. Nf3 Qd6 29. Nh4 Kd8 30. Rxf5 Ng4 31. Qxd6+ cxd6 32. Rf7 Ne3 33. Ra7 Rf8 34. Ra8+ Ke7 35. Ng6+ 1-0

[Event "45th Olympiad 2024"]
[Site "Budapest HUN"]
[Date "2024.09.16"]
[Round "6.83"]
[Board "2"]
[White "Righi, Ezio"]
[Black "Veer Gandhi"]
[Result "1-0"]
[WhiteElo "1909"]
[BlackElo "1792"]
[PlyCount "109"]
[EventDate "2024.09.11"]
[WhiteTeam "San Marino"]
[BlackTeam "Tanzania"]
[WhiteTeamCountry "SMR"]
[BlackTeamCountry "TAN"]

1. e4 c6 2. d4 d5 3. Nc3 dxe4 4. Nxe4 Nf6 5. Nxf6+ exf6 6. c3 Bd6 7. Bd3 O-O 8. Qc2 Re8+ 9. Ne2 h5 10. O-O h4 11. h3 Nd7 12. Be3 Nf8 13. c4 Be6 ({RR} 13... Bc7 14. Rad1 Qd6 15. Nf4 Bb8 16. Rfe1 Bd7 17. Kf1 Ne6 18. Bh7+ Kh8 19. Nxe6 Bxe6 20. Bf5 Qh2 21. Bxe6 Rxe6 22. d5 cxd5 23. cxd5 Re8 24. Rd4 Kg8 25. Rxh4 Qh1+ 26. Ke2 Rxe3+ 27. Kxe3 Qxe1+ 28. Kf3 {0-1 Vocaturo,D (2620)-Howell,D (2694) FIDE Chess.com Grand Swiss 2019 (3)}) 14. Nf4 $146 ({RR} 14. Rad1 Rc8 15. Nf4 Bb8 16. Rfe1 Qd6 17. Kf1 Bd7 18. Qe2 Qxf4 19. Bxf4 Rxe2 20. Rxe2 Bxf4 21. c5 f5 22. Bc4 Be6 23. Bxe6 Nxe6 24. d5 cxd5 25. Rxd5 Rxc5 26. Rxc5 Nxc5 27. Re8+ Kh7 28. b4 Ne4 {0-1 Ivanov,O (2423)-Indzhiev,A (2134) ch-Moscow Open Superfinal 2024 (8.25)}) ({RR} 14. Rfd1 Qd7 15. Nf4 Bxf4 16. Bxf4 Bxh3 17. gxh3 Qxh3 18. Be3 f5 19. Bxf5 Qf3 20. Kh2 g6 21. Rg1 Kh7 22. Bh3 {1-0 Gattass,A (2225)-De Paula,L (1863) 10th Floripa Open 2024 (10.46)}) ({RR} 14. Rad1 Rc8 15. Bf5 Bb8 16. Bxe6 Rxe6 17. d5 cxd5 18. Rxd5 Qxd5 19. cxd5 Rxc2 20. dxe6 Nxe6 21. Nd4 Rxb2 22. Rc1 Kh7 23. Kf1 Be5 24. Nf5 Rxa2 25. Nxh4 a5 26. Nf3 Ra1 {0-1 Bon,M (2416)-Bluebaum,M (2669) Titled Tuesday intern op 06th July blitz 2021 (1)}) 14... Qc7 15. Nxe6 Nxe6 16. d5 cxd5 17. cxd5 Qxc2 18. Bxc2 Nf4 19. Rfd1 Rac8 20. Ba4 Re4 21. Bb3 a6 22. Kf1 Ng6 23. Rac1 Ree8 24. Rc2 Rxc2 25. Bxc2 Ne7 26. Bb3 Nc8 27. a4 g6 28. Ba2 Ne7 29. Rc1 Rc8 30. Rxc8+ Nxc8 31. Ke2 Kf8 32. Kd3 Be5 33. b4 Ke7 34. Kc4 Kd7 35. f4 Bc7 36. Bb3 Nd6+ 37. Kd3 Ne8 38. Bc4 f5 39. b5 a5 40. b6 Bd6 41. Bb5+ Ke7 42. Bxe8 Kxe8 43. Kc4 Bb4 44. Bf2 Bd2 45. Bxh4 Bxf4 46. Be1 Be3 47. Bxa5 g5 48. Kd3 Bf2 49. Bd2 g4 50. a5 Kd7 51. hxg4 fxg4 52. Ke4 g3 53. Bf4 Kc8 54. Kf5 Be1 55. Kf6 1-0

[Event "45th Olympiad 2024"]
[Site "Budapest HUN"]
[Date "2024.09.16"]
[Round "6.83"]
[Board "3"]
[White "Lusako, Shedrack"]
[Black "Grassi, Enrico"]
[Result "1/2-1/2"]
[WhiteElo "1760"]
[BlackElo "1965"]
[PlyCount "62"]
[EventDate "2024.09.11"]
[WhiteTeam "Tanzania"]
[BlackTeam "San Marino"]
[WhiteTeamCountry "TAN"]
[BlackTeamCountry "SMR"]

1. d4 Nf6 2. c4 c5 3. d5 b5 4. Nc3 b4 5. Na4 d6 6. Nf3 g6 7. g3 ({RR} 7. b3 Bg7 8. Bb2 O-O 9. e3 Bd7 10. Bd3 Bxa4 11. bxa4 Nbd7 12. h4 h5 13. Ng5 Qa5 14. Qb3 Nb6 15. Bc2 Qa6 16. a5 Qxa5 17. Qd3 Qa6 18. Bb3 Nbxd5 19. g4 Nc3 20. gxh5 Nxh5 21. Rg1 Qc8 {½-½ Andreikin,D (2729)-Sochacki,C (2448) Titled Tue 18th Apr Late 2023 (2)}) 7... Bg7 8. Bg2 O-O $146 ({RR} 8... Bd7 9. O-O Qa5 10. b3 Bxa4 11. bxa4 Ne4 12. Bf4 Bxa1 13. Qxa1 Nc3 14. e4 O-O 15. Bh6 Re8 16. e5 Qxa4 17. Re1 Na6 18. Qc1 Qxa2 19. Qe3 Qxc4 20. exd6 Nxd5 21. Qe5 Nf6 22. d7 Qc3 23. dxe8=Q+ {½-½ Zamorin,N (2067)-Matveeva,O (2117) Perm op 05 2007 (6)}) 9. O-O Bd7 10. Qc2 Qa5 11. b3 Bf5 12. Qd1 Ne4 13. Bb2 Nc3 14. Bxc3 bxc3 15. Qe1 Bd7 16. Nb2 Qa3 17. Nd3 Na6 18. Qc1 Qxc1 19. Raxc1 Nb4 20. Nxb4 cxb4 21. Ne1 a5 22. Nd3 Ra7 23. Rfe1 Rb8 24. e4 a4 25. c5 axb3 26. axb3 Ra3 27. c6 Bc8 28. e5 Kf8 29. Rb1 dxe5 30. Nxe5 Bf5 31. Be4 Bxe5 1/2-1/2

[Event "45th Olympiad 2024"]
[Site "Budapest HUN"]
[Date "2024.09.16"]
[Round "6.83"]
[Board "4"]
[White "Piva, Michele"]
[Black "Henry Marwa Michael"]
[Result "1-0"]
[WhiteElo "1721"]
[BlackElo "1715"]
[PlyCount "91"]
[EventDate "2024.09.11"]
[WhiteTeam "San Marino"]
[BlackTeam "Tanzania"]
[WhiteTeamCountry "SMR"]
[BlackTeamCountry "TAN"]

1. d4 Nf6 2. c4 e6 3. Nc3 d5 4. Bf4 Bd6 5. e3 Bxf4 6. exf4 Qd6 $146 ({RR} 6... O-O 7. Nf3 b6 8. Bd3 c5 9. O-O Re8 10. Re1 Nc6 11. a3 cxd4 12. Nb5 dxc4 13. Bxc4 a6 14. Nbxd4 Nxd4 15. Nxd4 b5 16. Ba2 g6 17. Qf3 Ra7 18. Nc6 Qc7 19. Nxa7 Qxa7 20. Qc3 Qe7 21. Qb4 {1-0 Bueno Do Prado,J-Ferreira Vieira,N Birigui U2200 op 3rd 2008 (4.19)}) ({RR} 6... O-O 7. Nf3 b6 8. cxd5 Nxd5 9. Nxd5 Qxd5 10. Bd3 Bb7 11. Rc1 Nc6 12. O-O Nxd4 13. Bxh7+ Kxh7 14. Qxd4 Qxd4 15. Nxd4 c5 16. Nb5 Rfd8 17. Rfd1 a6 18. Nd6 Rd7 19. Nxb7 Rxb7 20. Rd6 Kg6 21. f3 {½-½ Jobava,B (2582)-Bluebaum,M (2639) Speed Chess GP2 blitz 2021 (9)}) ({RR} 6... dxc4 7. Bxc4 O-O 8. Nf3 b6 9. O-O Bb7 10. Ne5 Nc6 11. Ne2 Nxe5 12. fxe5 Nd5 13. Nc3 Rc8 14. Nxd5 Bxd5 15. Bd3 Qd7 16. f4 Rfd8 17. f5 Bb7 18. Rf4 Qd5 19. Be4 Qxd4+ 20. Qxd4 Rxd4 21. Bxb7 {½-½ Blokhin,S (2056)-Zacurdajev,D (2273) Titled Tue 7th Mar Early 2023 (3)}) ({RR} 6... dxc4 7. Bxc4 O-O 8. Nf3 Nbd7 9. Qd3 Nb6 10. Bb3 Nbd5 11. O-O-O Nxf4 12. Qd2 N4d5 13. g4 b6 14. g5 Nxc3 15. gxf6 Ne4 16. Qf4 Nxf6 17. Rhg1 Bb7 18. Qh6 g6 19. Ng5 Qe7 20. Rg4 Rfd8 21. Rf4 {1-0 Hettstedt,J-Schuster,M (2223) Oberliga Ost-A 0607 2006 (8.2)}) ({RR} 6... dxc4 7. Bxc4 O-O 8. Nge2 b6 9. O-O Ba6 10. Bxa6 Nxa6 11. Qa4 Nb8 12. Rad1 c6 13. Rfe1 Qc7 14. Qc2 Rd8 15. f5 exf5 16. Qxf5 Na6 17. Ng3 Qd7 18. Qb1 Nc7 19. Nf5 Re8 20. h3 Rxe1+ 21. Rxe1 {0-1 Dittmann,H (1223)-Westermayer,J (1657) Bad Woerishofen Seniors opA 22th 2006 (7)}) 7. g3 c5 8. Nf3 O-O 9. dxc5 Qxc5 10. Qd4 Qxd4 11. Nxd4 a6 12. Be2 dxc4 13. Bxc4 Rd8 14. Rd1 b5 15. Be2 Bb7 16. O-O Ne4 17. Ndxb5 Nc6 18. Nxe4 axb5 19. Nc5 Nd4 20. Nxb7 Nxe2+ 21. Kg2 Rd5 22. Rxd5 exd5 23. a3 Rb8 24. Nd6 Rb6 25. Nf5 Re6 26. Rd1 g6 27. Ne3 d4 28. Nc2 Rc6 29. Nxd4 Nxd4 30. Rxd4 Rc2 31. Rb4 Rc5 32. Kf3 Kf8 33. Rb3 Ke7 34. Rc3 Kd6 35. Ke3 Rd5 36. Rd3 Kc5 37. Rxd5+ Kxd5 38. Kd3 Kc5 39. b3 Kd5 40. g4 f6 41. f3 f5 42. h3 h5 43. a4 Kc5 44. axb5 Kxb5 45. Kc3 Kc5 46. b4+ 1-0

[Event "45th Olympiad 2024"]
[Site "Budapest HUN"]
[Date "2024.09.16"]
[Round "6.84"]
[Board "1"]
[White "Moncur, Cecil"]
[Black "Muhammed, Shuaau"]
[Result "0-1"]
[WhiteElo "1839"]
[BlackElo "2052"]
[PlyCount "70"]
[EventDate "2024.09.11"]
[WhiteTeam "Bahamas"]
[BlackTeam "Maldives"]
[WhiteTeamCountry "BAH"]
[BlackTeamCountry "MDV"]

1. d4 Nf6 2. c4 g6 3. Nc3 Bg7 4. e4 d6 5. f4 c5 6. d5 O-O 7. Nf3 e6 8. Be2 exd5 9. cxd5 Nbd7 10. e5 dxe5 11. fxe5 Ng4 12. Bg5 Qb6 13. O-O c4+ 14. Kh1 Ndxe5 15. Nxe5 Nxe5 16. Be7 Re8 17. d6 Bf5 18. Nd5 $146 ({RR} 18. Rxf5 gxf5 19. Nd5 Qc5 20. b4 Qc6 21. Rc1 Nd3 22. Bxd3 Qxd5 23. Bxc4 Qxd1+ 24. Rxd1 Bf8 25. Bb5 Bxe7 26. Bxe8 Rxe8 27. dxe7 Rxe7 28. Kg1 Rc7 29. a3 Kg7 30. Rd3 Kf6 31. Kf2 Ke5 32. Rh3 f6 {1-0 Motylev,A (2280)-Kobelev,A (2390) RUS-ch sf Ekaterinburg 1996}) 18... Qxb2 19. Nc7 Rad8 20. Nxe8 Rxe8 21. Rxf5 gxf5 22. d7 Nxd7 23. Rb1 Qe5 24. Bxc4 Qxe7 25. h3 Ne5 26. Bd5 b6 27. Qh5 Rd8 28. Bb3 f4 29. Rf1 f3 30. gxf3 Ng6 31. Rg1 Qf6 32. Bc2 Rd2 33. Bb3 Qb2 34. Bxf7+ Kxf7 35. Qf5+ Bf6 0-1

[Event "45th Olympiad 2024"]
[Site "Budapest HUN"]
[Date "2024.09.16"]
[Round "6.84"]
[Board "2"]
[White "Mohamed, Hassan MDV"]
[Black "Ferguson, Joseph"]
[Result "1-0"]
[WhiteElo "1880"]
[BlackElo "1797"]
[PlyCount "53"]
[EventDate "2024.09.11"]
[WhiteTeam "Maldives"]
[BlackTeam "Bahamas"]
[WhiteTeamCountry "MDV"]
[BlackTeamCountry "BAH"]

1. d4 f5 2. c4 Nf6 3. Nc3 e6 4. d5 Bb4 5. dxe6 Bxc3+ 6. bxc3 dxe6 7. Qxd8+ Kxd8 8. Bg5 $146 ({RR} 8. Bf4 Nbd7 9. Nf3 c6 10. Rd1 Ke7 11. Bd6+ Ke8 12. Ne5 {½-½ Kauko,J-Pessi,J Tampere Taraus op 1993 (5)}) 8... Ke7 9. Nf3 h6 10. Bf4 Na6 11. Ne5 Re8 12. h4 Nd7 13. f3 Kf6 14. g4 fxg4 15. Nxg4+ Kf7 16. Ne5+ Nxe5 17. Bxe5 c6 18. Rg1 g6 19. O-O-O Nc5 20. Bh3 b6 21. Rd6 Ba6 22. h5 g5 23. f4 Bxc4 24. fxg5 Bxe2 25. gxh6 Nd3+ 26. Rxd3 Bxd3 27. Rg7+ 1-0

[Event "45th Olympiad 2024"]
[Site "Budapest HUN"]
[Date "2024.09.16"]
[Round "6.84"]
[Board "3"]
[White "Whyms, Chapell"]
[Black "Hussain, Nimal"]
[Result "1/2-1/2"]
[WhiteElo "1701"]
[BlackElo "1805"]
[PlyCount "157"]
[EventDate "2024.09.11"]
[WhiteTeam "Bahamas"]
[BlackTeam "Maldives"]
[WhiteTeamCountry "BAH"]
[BlackTeamCountry "MDV"]

1. d4 Nf6 2. c4 d5 3. cxd5 Nxd5 4. e4 Nf6 5. Nc3 e6 6. Nf3 c5 7. Bg5 ({RR} 7. e5 Nfd7 {1-0 Henrichs,T (2491)-Dolzhikova,O (2256) Aegean op 31st 2008 (4)}) 7... h6 ({RR} 7... Be7 8. dxc5 Bd7 9. Bc4 h6 10. Be3 Nc6 11. a3 Ng4 12. Qe2 Nxe3 13. Qxe3 Qa5 14. O-O Qxc5 15. Qxc5 Bxc5 16. Rfd1 a6 17. b4 Bb6 18. Rac1 Ke7 19. Na4 Ba7 20. Bb3 Rhd8 21. Nc5 Bxc5 22. Rxc5 {½-½ Rocha,C-Batista,F (1971) Sao Luis Franklin Memorial 29th 2022 (4)}) 8. Be3 $146 ({RR} 8. Bxf6 Qxf6 9. Bb5+ Bd7 10. O-O a6 11. e5 Qd8 12. Ba4 b5 13. Bc2 Bc6 14. Be4 b4 15. Bxc6+ Nxc6 16. Ne2 Be7 17. Qa4 Qb6 18. Rac1 O-O 19. Rfd1 Rfd8 20. Qc2 Nxd4 21. Nfxd4 cxd4 22. Qc7 Qxc7 {0-1 Kramarik,A-Kukla,B Stary Smokovec op 1996}) ({RR} 8. Bh4 g5 9. Bg3 Nc6 10. Nb5 Nxe4 11. Nc7+ Ke7 12. Nxa8 Nxg3 13. hxg3 cxd4 14. Bb5 Qa5+ 15. Qd2 Qxb5 16. Nxd4 Qe5+ 17. Ne2 Qb8 18. Qc3 Rg8 19. Nb6 axb6 20. O-O Qe5 21. Qc2 Bg7 22. Nc3 Rd8 {1-0 Bramme,E-Predovic,D EU-ch U12 Girls 1992}) ({RR} 8. Bh4 g5 9. Bg3 a6 10. dxc5 Qxd1+ 11. Rxd1 Bxc5 12. a3 Nc6 13. b4 Be7 14. Na4 O-O 15. Nb6 Ra7 16. e5 Ne4 17. h3 Nxb4 18. Nxc8 Rxc8 19. Rd7 Nc2+ 20. Kd1 Bxa3 21. Bd3 Nxg3 22. fxg3 Ne3+ {1-0 Kull,F (2095)-Mueller,K Hannover-ch op 2000 (1)}) 8... cxd4 9. Nxd4 Be7 10. Bc4 O-O 11. e5 Nfd7 12. f4 Qc7 13. Be2 a6 14. Rc1 Nc6 15. Nxc6 bxc6 16. O-O Rd8 17. Qc2 Bb7 18. Na4 Rac8 19. Bf3 c5 20. Bxb7 Qxb7 21. b3 Rc6 22. Nb2 Rdc8 23. Nc4 Qb5 24. Qe4 Nb6 25. Nxb6 Qxb6 26. Rc4 a5 27. Rfc1 Qb5 28. Kf2 R8c7 29. g3 Qb8 30. Ra4 Qb5 31. Rcc4 Rd7 32. Ke1 Rc8 33. Rc1 Rcd8 34. Rac4 Rc8 35. Qc2 Rdc7 36. Qb2 Qc6 37. Kf2 Qb5 38. Qa3 Kf8 39. Bd2 Ra8 40. R1c2 Ra6 41. Qc1 Rac6 42. Qe1 Ra6 43. Qe4 Kg8 44. b4 axb4 45. Bxb4 Rac6 46. Kg2 Rc8 47. a4 Qa6 48. a5 Bd8 49. Bd2 Be7 50. Qe3 Qb5 51. Qa3 Ra6 52. Kh3 Qb1 53. Qc1 Qxc1 54. Rxc1 Rca8 55. Ra1 Rd8 56. Ra2 Rda8 57. Be1 h5 58. Kg2 Kf8 59. Kf3 Ke8 60. Ke4 Rd8 61. Rb2 Rd7 62. Rb8+ Rd8 63. Rxd8+ Kxd8 64. Kd3 Kc7 65. Ra4 Kc6 66. Kc4 Bd8 67. Bf2 Rxa5 68. Rxa5 Bxa5 69. Bxc5 Be1 70. Bf8 g6 71. Be7 Bf2 72. Bh4 Bg1 73. h3 Bf2 74. Kd3 Kd5 75. Ke2 Bg1 76. Kf3 Kd4 77. Bf6 Be3 78. Bg5 Bc1 79. Bf6 1/2-1/2

[Event "45th Olympiad 2024"]
[Site "Budapest HUN"]
[Date "2024.09.16"]
[Round "6.84"]
[Board "4"]
[White "Ibrahim Imran Saeed"]
[Black "Skinner, Francis"]
[Result "1-0"]
[WhiteElo "1697"]
[BlackElo "1628"]
[PlyCount "51"]
[EventDate "2024.09.11"]
[WhiteTeam "Maldives"]
[BlackTeam "Bahamas"]
[WhiteTeamCountry "MDV"]
[BlackTeamCountry "BAH"]

1. e4 c5 2. Nf3 d6 3. d4 cxd4 4. Nxd4 Nf6 5. Nc3 a6 6. Bd3 Nbd7 7. f4 e6 8. Be3 ({RR} 8. a4 g6 9. a5 Bg7 10. Nb3 Qc7 11. O-O Nc5 12. Nxc5 Qxc5+ 13. Kh1 Bd7 14. Qe1 Bc6 15. Be3 Qb4 16. Bd2 Qd4 17. Be3 Qb4 18. Ra3 Nd7 19. Bd2 Nc5 20. Nb5 Qxb2 21. Nxd6+ Kf8 22. Bb4 Qd4 {½-½ Felgaer,R (2467)-Van Wely,L (2714) FIDE-Wch k.o. 2001 (1.2)}) 8... Be7 ({RR} 8... Qc7 9. g4 h6 10. Qf3 e5 11. Nf5 exf4 12. Bxf4 g6 13. Ne3 Bg7 14. O-O-O O-O 15. h4 Ne8 16. Ned5 Qd8 17. Qe3 Ne5 18. Bxe5 Bxe5 19. Qxh6 Bxg4 20. Rdg1 Bg7 21. Qf4 Bh5 22. Be2 Bxe2 23. Nxe2 {½-½ Urkedal,F (2525)-Kvaloy,A (2443) Kragero Resort Chess 2024 (9.6)}) 9. O-O O-O 10. a4 $146 ({RR} 10. f5 e5 11. Nb3 b5 12. Qf3 Bb7 13. Nd2 Nc5 14. Qg3 Kh8 15. a3 d5 16. exd5 Nxd5 17. f6 Nxf6 18. Qxe5 Nxd3 19. cxd3 Ng4 20. Qd4 Nxe3 21. Qxe3 Bg5 22. Qe1 Re8 23. Qd1 Qxd3 24. Nf3 Qe3+ {0-1 Gryglas,M-Wozniak,A Ostroda op 5th 2008 (3.17)}) 10... Qc7 11. g4 Nc5 12. g5 Nxd3 13. cxd3 Nd7 14. Qh5 g6 15. Qe2 b6 16. h4 Re8 17. h5 Bb7 18. hxg6 hxg6 19. Qh2 Bf8 20. Nf3 Bg7 21. Rac1 Qd8 22. Bd4 Nc5 23. Bxg7 Kxg7 24. Qh6+ Kg8 25. Rc2 f6 26. Rh2 1-0

[Event "45th Olympiad 2024"]
[Site "Budapest HUN"]
[Date "2024.09.16"]
[Round "6.85"]
[Board "1"]
[White "Khan, Taffin"]
[Black "Kudakwashe Chinake"]
[Result "1-0"]
[WhiteElo "2066"]
[BlackElo "1859"]
[PlyCount "81"]
[EventDate "2024.09.11"]
[WhiteTeam "Guyana"]
[BlackTeam "Cayman Islands"]
[WhiteTeamCountry "GUY"]
[BlackTeamCountry "CAY"]

1. Nf3 d5 2. g3 Bg4 3. Bg2 Nf6 4. Ne5 Bf5 5. c4 Nbd7 6. Nxd7 Qxd7 7. cxd5 Bxb1 8. Rxb1 Nxd5 9. Qb3 $146 ({RR} 9. O-O e6 10. d4 Be7 11. e4 Nb6 12. b3 Rd8 13. Bb2 O-O 14. a4 Bb4 15. d5 f6 16. Bh3 f5 17. dxe6 Qxd1 18. Rbxd1 fxe4 19. a5 Nc8 20. Rd7 Rxd7 21. exd7 Nd6 22. Be6+ Nf7 23. Rd1 Rd8 {1-0 Alcazar Jimenez,J (2287)-Estrada Martinez,C (2218) Collado Villalba op-A 27th 2010 (3)}) ({RR} 9. O-O e6 10. d4 Be7 11. e4 Nb6 12. Qc2 Qxd4 13. Qxc7 Qd7 14. Qxd7+ Nxd7 15. Rd1 Ne5 16. Bd2 Rd8 17. Bc3 f6 18. Kf1 Bc5 19. Rxd8+ Kxd8 20. Ke2 Ke7 21. Rc1 Bb6 22. f4 Nc6 23. e5 Rc8 {1-0 Dizdarevic,E (2515)-Dumpor,A (2357) BIH-chT 12th 2013 (3.2)}) 9... c6 10. e4 Nf6 11. d4 e6 12. O-O Be7 13. h3 O-O 14. Be3 a5 15. a4 Rfe8 16. Rbc1 Bb4 17. f4 Rad8 18. Rfd1 Qe7 19. g4 Kh8 20. Bf2 Ng8 21. g5 Qc7 22. Qf3 Bd6 23. e5 Be7 24. d5 exd5 25. Rxd5 Bb4 26. Qb3 Qe7 27. Rxd8 Rxd8 28. Rd1 Rxd1+ 29. Qxd1 Qe8 30. Qd4 Ne7 31. Be4 Ng6 32. Bc2 Qe7 33. Kg2 Kg8 34. h4 c5 35. Qe4 Bd2 36. Bg3 Qd7 37. f5 Nf8 38. Bb3 g6 39. e6 fxe6 40. fxe6 Qe7 41. Bd6 1-0